Empire of the senses : the sensual culture reader
Αποθηκεύτηκε σε:
| Άλλοι συγγραφείς: | |
|---|---|
| Μορφή: | Βιβλίο |
| Γλώσσα: | English |
| Δημοσίευση: |
Oxford :
Berg,
c2005.
|
| Σειρά: | Sensory formations series
|
| Θέματα: | |
| Ετικέτες: |
Προσθήκη ετικέτας
Δεν υπάρχουν, Καταχωρήστε ετικέτα πρώτοι!
|
MARC
| LEADER | 00000nam a2200000 a 4500 | ||
|---|---|---|---|
| 001 | 1/126494 | ||
| 008 | 230502s2005####enk| ||| |||| ||eng|| | ||
| 020 | |a 185973863X | ||
| 040 | |a GR-MyUa |b gre |c GR-MyUa |e AACR2 | ||
| 041 | 0 | |a eng | |
| 082 | 7 | |a 306 |2 (23) | |
| 245 | 0 | 0 | |a Empire of the senses : |b the sensual culture reader / |c edited by David Howes. |
| 260 | |a Oxford : |b Berg, |c c2005. | ||
| 300 | |a 421 σ. ; |c 23 εκ. | ||
| 490 | 1 | |a (Sensory formations series) | |
| 504 | |a Περιλαμβάνει βιβλιογραφικές παραπομπές και ευρετήριο. | ||
| 650 | 0 | |a Culture | |
| 650 | 0 | |a Senses and sensation | |
| 650 | 0 | |a Cognition and culture | |
| 700 | 1 | |a Howes, David, |d 1957- |e edt | |
| 830 | 0 | |a Sensory formations series | |
| 852 | |a INST |b LESVOS |e 20230502 |h 306 EMP |p 005100064695 |q 005100064695 |t BK |y 0 | ||
| 970 | |a Καμάτσου |b Δέσποινα |z 02-05-2023 | ||